Cómo ser una persona de verdad (en un solo día) / (Record no. 165096)
[ view plain ]
| 000 -CABECERA | |
|---|---|
| campo de control de longitud fija | 00785nam a2200241 a 4500 |
| 005 - FECHA Y HORA DE LA ÚLTIMA TRANSACCIÓN | |
| campo de control | 20240910063838.0 |
| 008 - ELEMENTOS DE LONGITUD FIJA--INFORMACIÓN GENERAL | |
| campo de control de longitud fija | 130918s2002 mx r 000 0 spa d |
| 020 ## - NÚMERO INTERNACIONAL NORMALIZADO PARA LIBROS | |
| Número Internacional Estándar del Libro | 9580464855 (10 dígitos) |
| 020 ## - NÚMERO INTERNACIONAL NORMALIZADO PARA LIBROS | |
| Número Internacional Estándar del Libro | 9789580464853 (13 dígitos) |
| 035 ## - NÚMERO DE CONTROL DEL SISTEMA | |
| Número de control de sistema | UPN01000192995 |
| 049 ## - COLECCIÓN | |
| Colección | CG |
| 050 #4 - SIGNATURA TOPOGRÁFICA DE LA BIBLIOTECA DEL CONGRESO | |
| Número de clasificación | PS3573 A7.6 |
| Número de documento/Ítem | C6.5 |
| 100 1# - ASIENTO PRINCIPAL--NOMBRE PERSONAL | |
| Nombre de persona | Warner, Sally, |
| Fechas asociadas al nombre | 1946- |
| 9 (RLIN) | 34435 |
| 245 10 - MENCIÓN DE TÍTULO | |
| Título | Cómo ser una persona de verdad (en un solo día) / |
| Mención de responsabilidad, etc. | Sally Warner ; il. Daniela Violi. |
| 260 ## - PUBLICACIÓN, DISTRIBUCIÓN, ETC. | |
| Lugar de publicación, distribución, etc. | Bogotá : |
| Nombre del editor, distribuidor, etc. | Norma, |
| Fecha de publicación, distribución, etc. | 2002. |
| 300 ## - DESCRIPCIÓN FÍSICA | |
| Extensión | 166 p. : |
| Otras características físicas | il. |
| 440 #0 - MENCIÓN DE SERIE/ASIENTO SECUNDARIO--TÍTULO | |
| Título | Torre de papel amarilla. |
| Nombre de parte o sección de la obra | A partir de los 11 años |
| 650 #4 - ASIENTO SECUNDARIO DE MATERIA - TERMINO TEMATICO | |
| Término de materia o nombre geográfico como elemento de entrada | Literatura juvenil estadounidense |
| 9 (RLIN) | 12776 |
| 650 #4 - ASIENTO SECUNDARIO DE MATERIA - TERMINO TEMATICO | |
| Término de materia o nombre geográfico como elemento de entrada | VERDAD Y MENTIRA |
| 9 (RLIN) | 15546 |
| 650 #4 - ASIENTO SECUNDARIO DE MATERIA - TERMINO TEMATICO | |
| Término de materia o nombre geográfico como elemento de entrada | MADRES E HIJAS - |
| Subdivisión de forma | NOVELA |
| 9 (RLIN) | 727 |
| 905 ## - TIPO DE MATERIAL | |
| Tipo de material | Libro |
| Estado de retiro | Estado de pérdida | Fuente del sistema de clasificación o colocación | Estado dañado | No para préstamo | Código de colección | Localización permanente | Ubicación/localización actual | Ubicación en estantería | Total de préstamos | Clasificación | Código de barras | Fecha visto por última vez | Número de copia | Tipo de ítem Koha |
|---|---|---|---|---|---|---|---|---|---|---|---|---|---|---|
| Library of Congress Classification | Colección General | Bib. Gregorio Torres Quintero | Bib. Gregorio Torres Quintero | Planta baja | 1 | PS3573 A7.6 C6.5 | 291015 | 31/12/2020 | 1 | Libro |
